Arrêt Métro Lausanne (M1&M2) - Statistics

General Stats
  • This quiz has been taken 7 times
  • The average score is 21 of 29
Answer Stats
Arrêt de Métro % Correct
EPFL
100%
Flon
100%
Flon
100%
Lausanne, gare
100%
Malley
100%
Ouchy-Olympique
100%
Renens
100%
Riponne-M. Béjart
100%
Bessières
83%
Grancy
83%
Mouline
83%
Vigie
83%
Bourdonette
67%
Chamberonne
67%
CHUV
67%
Croisettes
67%
Délices
67%
Fourmi
67%
Ours
67%
Provence
67%
Sallaz
67%
Sorge
67%
Cerisaie
50%
Jordils
50%
Montelly
50%
Bassenges
33%
Crochy
33%
Vennes
33%
Epenex
17%
No matching quizzes found
Score Distribution
Percent of People with Each Score
Percentile by Number Answered
Your Score History
You have not taken this quiz